00402nam a2200097Ia 4500008004100000040002900041050002700070100002300097245014200120260004200262230222s9999||||xx |||||||||||||| ||und|| cChuka University Library aTHE HG 5740 bG58 2015 aWainaina Hellen W. 0aFactors affecting implementation of early childhood development education in public centers in imenti South District, meru county, Kenya  aChuka University CollegebChukac2015